000 00789nam a22002777a 4500
001 BR8806940
003 BR-BrBNA
005 20230928093049.0
007 ta
008 230509b bl.||||| |||| 00| 0 por d
040 _aBR-BrBNA
_bpor
_cBiblioteca Nacional de Agricultura
041 _a(Por)
072 _aE14
_b3575
_b3530
090 _ 3575 BR8806940
110 1 _aFundacao Centro Estadual de Planejamento Agricola, Salvador, BA (Brasil)
_94810
245 1 _aPrograma Estadual de Sementes e Mudas 1986-1989
260 3 _aSalvador, BA (Brasil):
_c1985.
300 _a99 p.
500 _a24 tables
650 _aSEMENTE
650 _aMUDA
650 _aPOLITICA DE DESENVOLVIMENTO
650 _aPOLITICA GOVERNAMENTAL
909 _a202309
_bLucia
_c55
_dLucia Elande
942 _cBK
999 _c42782
_d42782